00849nam a2200169 a 450000100100000000500170001000800410002702000150006804000250008310000360010824502530014426000360039730000330043350400300046650000550049650001280055100004579420250124114731.0150514s2000 dr c 000 0 spa d a9993410004 aDO-SdBNPbspacBNPHU1 aMoreno Ceballos, Nelson,d1946-10aNomenclatura en suicidología clínica. :bcon un glosario que contiene 290 conceptos y términos usados en suicidología y eutanasia, psicología del enfermo terminal, medicina forense y antropología de la muerte. /cNelson Moreno-Ceballos. aSanto Domingo :bBúho,c2000. a200 p. ; :bretrs. ;c22 cm. aBibliografía p: 189-200 aIncluye datos biografícos del autor en la solapa aSección de suicidología de la Asociación Psiquiátrica de América Latina, Instituto de Desarrollo y Salud Integral